000 01020nam a2200265Ia 4500
003 OSt
005 20220923211309.0
006 a|||||r|||| 00| 0
007 ta
008 220922b |||||||| |||| 00| 0 hin d
020 _a9788179754276 (hbk)
_c300
024 _a281,082
037 _bIN1063, 05/03/2014, Anamika Publishers & Distributor Pvt. Ltd.
_cTextual
040 _aARTS
_cARTS
_bhin
041 _2hin
_ahin
082 _aO152,1NRAx, Q1
100 _aरघुवंशी, प्रेमशंकर
245 0 _aनहीं रहने के बाद भी
246 _aNahīan rahane ke bād bhī
260 _aनई दिल्ली
_b अनामिका पबिलशर्स
_c2011
300 _a142पृ.
_ccm.
650 _aहिन्दी साहित्य
_9156264
942 _hO152,1NRAx, Q1
_cTEXL
_2CC
999 _c298212
_d298212